| 000 | 00494nam a2200169 4500 | ||
|---|---|---|---|
| 003 | SEACOMMC | ||
| 005 | 20250429112346.0 | ||
| 008 | 241221b |||||||| |||| 00| 0 eng d | ||
| 020 |
_a81-2591-449-8 _cRs.250.00 |
||
| 040 | _aSEACOMMC | ||
| 082 |
_a658.456 _bG 273 |
||
| 100 | _a Gaur, Sanjaya Singh | ||
| 245 | 1 |
_aEvent Marketing and Management _cSanjaya Singh Gaur [and] Sanjay V Saggere |
|
| 260 |
_a New Delhi _b Vikas Publishing House _c 2003 |
||
| 650 | _a Event Management | ||
| 942 | _cBOOK | ||
| 999 |
_c920 _d920 |
||